Statistics for Geography Questions #14: How Many South American Countries in 15 Seconds?

Click here to take the quiz!

General Stats

  • This quiz has been taken 425 times
  • The average score is 7 of 13

Answer Stats

Answer% Correct
Brazil
90%
Argentina
69%
Chile
65%
Peru
60%
Bolivia
54%
Colombia
50%
Uruguay
48%
Paraguay
47%
Ecuador
46%
Suriname
42%
Venezuela
41%
Guyana
39%
French Guiana
2%

Score Distribution

Percentile by Number Answered

Percent of People with Each Score

Your Score History

You have not taken this quiz